Statistics for 2014 Formula 1 poles and podiums

Click here to take the quiz!

General Stats

  • This quiz has been taken 33 times
  • The average score is 60 of 76

Answer Stats

Hint Pole % Correct
Australian Grand PrixLewis Hamilton
100%
Daniel Ricciardo
95%
Nico Rosberg
95%
Lewis Hamilton
95%
Nico Rosberg
95%
Lewis Hamilton
95%
Lewis Hamilton
95%
Lewis Hamilton
95%
Nico Rosberg
95%
Lewis Hamilton
95%
Daniel Ricciardo
95%
Lewis Hamilton
95%
Lewis Hamilton
95%
Nico Rosberg
95%
Lewis Hamilton
95%
Lewis Hamilton
95%
Daniel Ricciardo
95%
Lewis Hamilton
95%
Nico Rosberg
95%
Lewis Hamilton
95%
Monaco Grand PrixNico Rosberg
95%
Canadian Grand PrixNico Rosberg
95%
German Grand PrixNico Rosberg
95%
Spanish Grand PrixLewis Hamilton
95%
Chinese Grand PrixLewis Hamilton
95%
Malaysian Grand PrixLewis Hamilton
95%
Bahrain Grand PrixNico Rosberg
95%
Hungarian Grand PrixNico Rosberg
95%
British Grand PrixNico Rosberg
95%
United States Grand PrixNico Rosberg
90%
Brazilian Grand PrixNico Rosberg
90%
Abu Dhabi Grand PrixNico Rosberg
90%
Nico Rosberg
90%
Belgian Grand PrixNico Rosberg
90%
Russian Grand PrixLewis Hamilton
90%
Japanese Grand PrixNico Rosberg
90%
Italian Grand PrixLewis Hamilton
90%
Austrian Grand PrixFelipe Massa
90%
Singapore Grand PrixLewis Hamilton
90%
Nico Rosberg
86%
Nico Rosberg
86%
Lewis Hamilton
86%
Kevin Magnussen
86%
Nico Rosberg
86%
Nico Rosberg
86%
Lewis Hamilton
81%
Jenson Button
76%
Nico Rosberg
76%
Nico Rosberg
71%
Lewis Hamilton
71%
Nico Rosberg
71%
Nico Rosberg
71%
Nico Rosberg
71%
Valtteri Bottas
71%
Fernando Alonso
67%
Sebastian Vettel
62%
Sebastian Vettel
62%
Valtteri Bottas
62%
Valtteri Bottas
62%
Sebastian Vettel
62%
Felipe Massa
62%
Sergio PĂ©rez
57%
Daniel Ricciardo
52%
Fernando Alonso
52%
Daniel Ricciardo
52%
Valtteri Bottas
48%
Valtteri Bottas
48%
Daniel Ricciardo
48%
Lewis Hamilton
48%
Daniel Ricciardo
48%
Valtteri Bottas
48%
Felipe Massa
43%
Daniel Ricciardo
43%
Lewis Hamilton
43%
Sebastian Vettel
43%
Felipe Massa
43%

Score Distribution

Percentile by Number Answered

Percent of People with Each Score

Your Score History

You have not taken this quiz